000 00748nam0a22002531 4500
001 v19\rc\2084924
005 20250620034056.0
035 _a(NLR Aleph) 005155153
090 _a4938320
_c4938320
100 _a20081218d1912 |||y0rusy50 ca
101 0 _arus
102 _aRU
105 _ay z |||a|
200 1 _a[На память друзьям]
_e[Стихи]
210 _aСанкт-Петербург
_cОтечественная тип.
_d1912
215 _a148, V с.
_d19
300 _aНа обл. авт. не указан
540 1 _aНа память друзьям
700 1 _aКрекшина
_bА.Н.
801 0 _aRU
_bNLR
_gpsbo
801 1 _aRU
_bProSoft-M
_2rusmarc
852 _aNLR
_j38.60.3.67
942 _cBOOK
980 _aNB